书目信息 |
| 题名: |
中国农业地理
|
|
| 作者: | 周立三 主编 | |
| 分册: | ||
| 出版信息: | 北京 科学出版社 2000 |
|
| 页数: | 445页 | |
| 开本: | 26cm | |
| 丛书名: | 中国人文地理丛书 | |
| 单 册: | ||
| 中图分类: | F329.9 | |
| 科图分类: | ||
| 主题词: | 农业地理--中国 | |
| 电子资源: | ||
| ISBN: | 7-03-008770-4 | |
| 000 | 00680nam0 2200229 45 | |
| 001 | 0304011536 | |
| 005 | 20031219104108.4 | |
| 010 | @a7-03-008770-4@b精装@dCNY65.00 | |
| 100 | @a20030401d2000 km y0chiy0120 ea | |
| 101 | 0 | @achi |
| 105 | @a z 000yy | |
| 200 | 1 | @a中国农业地理@AZhong Guo Nong Ye Di Li@f周立三主编@FZhou Li San Zhu Bian |
| 210 | @a北京@c科学出版社@d2000 | |
| 215 | @a445页@d26cm | |
| 225 | @a中国人文地理丛书@f吴传钧主编 | |
| 410 | @12001 @a中国人文地理丛书 | |
| 410 | @1700 0@a吴传钧@AWu Chuan Jun@4主编 | |
| 606 | 0 | @a农业地理@y中国 |
| 690 | @aF329.9@v4 | |
| 701 | 0 | @a周立三@4主编 |
| 801 | @aCN@bTSTC@c20030401 | |
| 905 | @b322071-073@dF329.9@e37@f3 | |
| 中国农业地理/周立三主编.-北京:科学出版社,2000 |
| 445页;26cm.-(中国人文地理丛书/吴传钧主编) |
| ISBN 7-03-008770-4(精装):CNY65.00 |
| ● |
| 相关链接 |
|
|
|
|
正题名:中国农业地理
索取号:F329.9/37
 
预约/预借
| 序号 | 登录号 | 条形码 | 馆藏地/架位号 | 状态 | 备注 |
| 1 | 0322071 | 203220718 | 第一借阅区/ [索取号:F329.9/37] | 在馆 | |
| 2 | 0322072 | 203220727 | 第一借阅区/ [索取号:F329.9/37] | 在馆 | |
| 3 | 0322073 | 203220736 | 第一样本阅览室/ [索取号:F329.9/37] | 在馆 |